[Event "Turnier 40 / 120"]
[Site "Wien"]
[Date "2022.05.24"]
[Round "24"]
[White "Mephisto Lyon 68020 - 12 MHZ"]
[Black "Mephisto Magellan SH7034 - 20 MHZ"]
[Result "0-1"]
[BlackElo "2231"]
[WhiteElo "2180"]

1. e4 {Analyse ------> Komodo 12.1.1.} c6 2. d4 d5 3. Nc3 {Buchende} g6 4.
e5 {Buchbewertung Mephisto Lyon 68020: +0,75} Bg7 {Buchende} 5. Nf3 Bg4
{Buchbewertung Mephisto Magellan: +0,2 / lt. Komodo ist die Stellung etwa
gleich} 6. Be2 f6 7. O-O Bxf3 8. exf6 Nxf6 9. Bxf3 Qd6 {weniger gut danach
steht Weiss etwas besser, Komodo +0,70 mit der Fortsetzung g3, besser ist
Sbd7} 10. Re1 Nbd7 {auch nicht optimal, danach steht Weiss bereits klar
besser, Komodo +1,00 mit der Fortsetzung g3, besser ist 0-0} 11. Qe2?
{dieser Zug bringt allerdings keinen Vorteil für Weiss, die Stellung ist
wieder im Lot} O-O 12. Qe6+ Rf7? {auch nicht ideal, Schwarz sollte sich
lieber den Doppelbauern ersparen mit Dxe6} 13. Qxd6 exd6 14. Bg5 Nb6 15.
Rad1 h6 16. Bh4 Bh8? {ohne Worte} 17. Re6 Re8 18. Rde1 Rxe6 19. Rxe6 Nc4
20. Bg3? {weniger gut, danach hat Schwarz die Möglichkeit den Doppelbauern
los zu werden, die Stellung ist etwa gleich} Nxb2 21. Bxd6 Nc4 22. Bc5 a6
23. Be2 Rd7 {die Stellung ist im Lot, Komodo 0,00} 24. Bxc4 dxc4 25. f3 Kf7
26. Re1 Nd5 27. Nxd5 cxd5 28. a4 Bf6 29. Rb1 Bh4 30. g3 Bd8 31. Kf2 Ba5 32.
Bb4 Bb6 33. Bc3 Ba7 34. h4 {die Stellung ist immer noch im Lot, Komodo
0,00} Re7 35. Rb2 Kf6 36. Rb4 Kf5 37. g4+ Kf6 38. f4 h5 39. gxh5 gxh5 40.
Kf3 Kf5 41. Rb1 Re4 42. Rxb7 {lt. Komodo steht Schwarz klar besser mit ca.
+1,20, lt. Stockfish 15 ist es aber Remis mit 0,00} Bxd4 43. Bxd4 Rxf4+ 44.
Kg3? {ein absoluter Verlustzug, danach ist die Partie sofort verloren,
Komodo -3,00} Rg4+ 45. Kh3 Rxd4 46. Rh7 Kg6 47. Ra7 Re4 {besser ist Td2}
48. Rxa6+ Kf5 49. Rd6 Re3+ {Mephisto Magellan: 0,0 / sieht hier noch gar
keinen Vorteil / Komodo +7,00 für Schwarz} 50. Kg2 {Mephisto Lyon 68020:
-1,00} Ke5 51. Rh6 {Mephisto Lyon 68020: -1,57} Rc3 {Mephisto Magellan:
+0,1 bleibt noch immer sehr zögerlich, Komodo +7,00} 52. Rxh5+ Ke4
{Mephisto Magellan traut sich immer noch nicht: +0,2} 53. Rg5 {Mephisto
Lyon 68020: -1,69} Rxc2+ {Mephisto Magellan: +0,7} 54. Kh3 {Mephisto Lyon
68020: -1,72} Rc3+ {Mephisto Magellan: +0,7} 55. Kh2 {Mephisto Lyon 68020:
-1,87} Ra3 {Mephisto Magellan: +0,6, geht sogar noch runter} 56. h5
{Mephisto Lyon 68020: -1,93} c3 57. h6 c2 {Mephisto Magellan: +1,2} 58. Rg1
Rxa4 59. h7 Ra8 60. Rg4+ Kd3 61. Rg3+ Kc4 62. Rg8 c1=Q 63. h8=Q {Übersieht
ein Matt in 11 spielt aber keine Rolle mehr, länger verzögert noch Txa8,
aber ein Matt in 11 ist nicht machbar.} Qd2+ 64. Kh3 {Mephisto Lyon 68020:
-10,7 ----- aufgegeben !} 0-1
[/pgn]

[pgn]

[Event "Turnier 40 / 120"]
[Site "Wien"]
[Date "2022.05.25"]
[Round "25"]
[White "Mephisto Magellan SH7034 - 20 MHZ"]
[Black "Mephisto Lyon 68020 - 12 MHZ"]
[Result "1-0"]
[BlackElo "2180"]
[WhiteElo "2231"]

{Analyse ------> Komodo 12.1.1.} 1. f4 d5 2. Nf3 {Buchende} Nf6 {Buchende}
3. g3 {Buchbewertung Mephisto Magellan: 0,0} Bf5 {Buchbewertung Mephisto
Lyon 68020: +0,51 / lt. Komodo ist die Stellung etwa gleich} 4. Bg2 e6 5.
O-O Nc6 6. e3 Be7 7. b3 O-O 8. Ba3 Bxa3 9. Nxa3 Qe7 10. Nb5 Qc5 11. Nbd4
Nxd4 12. Nxd4 Be4 13. Bh3 Rae8 14. d3 Bg6 15. Qd2 e5 16. b4 Qb6 17. fxe5
Rxe5 18. Rae1 Rfe8 19. c3 h6 20. Rf2 a5 21. bxa5 Qxa5 {Schwarz steht klar
besser, Komodo +1,00} 22. Bf5 Bxf5 {besser ist T5e7, Komodo +0,70 für
Schwarz} 23. Nxf5 Qa6 24. Rf4 Nh5 {klar schwächer als h5, Komodo +0,30 für
Schwarz} 25. Rf3 Ra8 26. Rf2 Nf6 27. Ref1 Re6 28. Nd4 Ree8 {deutlich besser
ist Tb6, nach dem Textzug führt Txf6 zum Remis, Komodo 0,00} 29. Rxf6! {ich
hatte schon beim vorigen Zug den Kommentar eingegeben: aber Txf6 kann von
einem Oldie nicht erwartet werden und dann überrascht mich der Magellan mit
eben diesem Zug und einer Bewertung von 0,0, er sieht also das Remis schon,
also das ist stark !} gxf6 30. Nf5 Qa3? {dieser Zug verliert bereits die
Partie, nötig war Te5 (was Mephisto Magellan vorgeschlagen hätte), Komodo
+2,10 mit der Fortsetzung e4} 31. Nxh6+? {damit ist allerdings kein
Blumentopf zu gewinnen, danach ist die Partie wieder Remis, Komodo 0,00}
Kf8 32. Qd1 Qc5 33. Nf5 {Mephisto Magellan: +1,4, da irrt er sich
allerdings, die Stellung ist immer noch Remis, Komodo 0,00} Reb8? {Mephisto
Lyon 68020: -0,96, dieser Zug ist allerdings klar schwächer als Ted8,
Komodo +0,80 für Weiss mit der Fortsetzung Dh5} 34. Qh5 Ke8 35. Qh8+? {klar
schwächer als Sh6, damit ist die Stellung wieder im Lot} Kd7 36. Qxf6 Rf8
37. Rf2 Ra6 38. Qg7 Kc8 39. Rb2 {klar schwächer als Kg2, nach dem Textzug
ist Schwarz etwas im Vorteil, Komodo +0,50 mit der Fortsetzung Td8} Rd8 40.
Qd4 Qxd4 41. cxd4? {klar die schwächste Schlagoption, am besten ist Sxd4
und ebenfalls besser ist noch exd4, nach dem Textzug ist Schwarz im
Vorteil, Komodo +0,70 / lt. Stockfish 15 ist die Partie damit praktisch
schon verloren +2,00 für Schwarz} Re8? {klar schwächer als c6, Komodo +0,50
für Schwarz} 42. Kf2 Ra3? {so schnell geht es nach der nächsten
Ungenauigkeit ist die Stellung wieder im Lot, besser ist b6} 43. Ke2 Kd7
44. h4 b6 45. Nh6? {ein schlechter Zug, danach steht Weiss bereits auf
verlorenem Posten und Schwarz kann mittel Tea8 klar in Vorteil kommen,
deutlich besser ist Kf3 oder h5} f6? {klar schwächer als Tea8, Komodo -0,50
mit der Fortsetzung Sg4} 46. Ng4 Re6 {immer noch war Tea8 oder Tef8 die
klar bessere Wahl, nach dem Textzug ist Weiss nur noch minimal im Vorteil,
Komodo +0,20} 47. h5 Ke8 48. h6 Kf7 49. Kf3 f5 {weniger gut, besser ist
Txd3, Komodo +0,30 für Weiss} 50. Ne5+ Kg8 51. Rh2 Kh7 52. Kf4 Rxh6 53. Rc2
Kg8 {auch nicht ideal deutlich besser ist Ta7, Komodo +0,60 für Weiss} 54.
Rxc7 {besser ist Kxf5} Rxa2 55. Kxf5 {hier nicht mehr die beste Wahl, klar
schwächer als Kg5, danach ist die Stellung im Lot} Rf2+ 56. Kg5 Rd6 57. Rb7
Re2? {ein schwacher Zug, danach ist Weiss bereits klar im Vorteil, Komodo
+1,20, nötig war Kf8 und alles ist im Lot} 58. Nf7 {Mephisto Magellan
verwirft im letzten Augenblick den klar stärken Zug Sg6, Komodo nur noch
+0,50 für Weiss} Re6 59. e4 Ra2? {ein absoluter Verlustzug, danach ist die
Partie sofort verloren, nötig war Kf8, Komodo +3,00 mit der Fortsetzung
exd5} 60. exd5 Ra5 61. Nh6+? {das ist aber ein absurder Zug, ein völlig
sinnloses Schachgebot, das Schwarz wieder Chancen einräumt, nach Kf5 hätte
Schwarz bereits die Segel streichen können, Komodo nur noch +0,90 für
Weiss} Kh8? {doch leider trifft Mephisto Lyon 68020 selbst bei nur 2
möglichen Zügen eine absolute Fehlentscheidung, der König gehört natürlich
nach F8, nach dem Textzug ist alles endgültig vorbei, Komodo +10,00 mit der
Fortsetzung Td7} 62. Rd7 {Mephisto Magellan: +2,8} Re3 {Mephisto Lyon 68020
ist noch viel zu optimistisch, nur -0,81} 63. Rd8+ Kh7 64. Nf5 {Mephisto
Magellan sieht schon den klaren Sieg, Bewertung: +3,8} Rxd3 {Mephisto Lyon
68020 macht sich noch keine grossen Sorgen: nur -0,54 / Komodo -17,00
(besser war noch Te2)} 65. Rd7+ {Mephisto Magellan: +4,8 / Komodo Matt in
22} Kg8 {Mephisto Lyon 68020 erkennt es nun auch: -4,12} 66. Kg6 Rxg3+ 67.
Nxg3 {Userentscheid: 1-0} 1-0
[/pgn]

[pgn]

[Event "Turnier 40 / 120"]
[Site "Wien"]
[Date "2022.05.26"]
[Round "26"]
[White "Mephisto Lyon 68020 - 12 MHZ"]
[Black "Mephisto Magellan SH7034 - 20 MHZ"]
[Result "1/2-1/2"]
[BlackElo "2231"]
[WhiteElo "2180"]

{Analyse -----> Komodo 12.1.1.} 1. Nf3 Nf6 2. c4 c5 3. d4 cxd4 4. Nxd4 g6
{Buchende} 5. Nc3 Bg7 6. g3 Nc6 7. Bg2 O-O {Mephisto Magellan wieder im
Buch} 8. O-O Nxd4 9. Qxd4 d6 {Buchende} 10. Bg5 {Buchende} Ng4
{Buchbewertung Mephisto Magellan: +0,1} 11. Qd2 {Buchbewertung Mephisto
Lyon 68020: 0,00 / lt. Komodo 12.1.1. ist die Stellung etwa gleich.} Re8
12. h3 f6? {ein schwacher Zug, danach ist Weiss bereits klar im Vorteil,
Komodo +1,40 mit der Fortsetzung Lf4, deutlich besser ist Se5} 13. Bf4 Ne5
14. Qd5+ {besser ist Tfd1; Komodo +0,80} e6 15. Qb5 a6 16. Qb4 a5 17. Qb3
Ra6 18. Rad1 Qe7 {nach nicht ganz optimalen Zügen von Schwarz ist Weiss
wieder sehr klar im Vorteil, Komodo +1,30} 19. Nb5 Rd8 20. Qc3 {klar
schwächer als Lxe5, Komodo +0,90} a4 21. Rd2 Nf7 22. Rfd1 e5 23. Be3 Be6
{ein Verlustzug, danach ist die Partie praktisch schon verloren, Komodo
+1,70 mit der Fortsetzung c5} 24. b3? {leider eine schwache Fortsetzung von
Mephisto Lyon 68020, damit ist Schwarz wieder voll im Geschehen, Komodo
-0,70} axb3 25. axb3 Bf8 26. h4 {besser ist Kh2, Komodo -0,50 mit der
Fortsetzung f5} Rda8 27. h5 gxh5 {die Stellung nähert sich dem Ausgleich,
Komodo +0,20 für Weiss} 28. Qd3 f5 29. f3 Rd8 30. Qb1 Rc8 31. Bf2 Bh6 32.
e3 d5 33. cxd5 Bd7 34. d6 Qf6 35. Nc7 Rxd6 36. Rxd6 Nxd6 37. Nd5 Qf7 38.
Nb6 Rc6 39. Nxd7 Qxd7 40. Qd3 Qe6 41. e4 fxe4 42. fxe4 Nf7 {die Stellung
ist im Lot, Komodo 0,00} 43. Ra1 Ra6 44. Rxa6 bxa6 45. Bf1 Qg6 46. Qxa6
Qxe4 47. Bc4 Qb1+ 48. Kg2 Qe4+ 49. Kg1 Qb1+ 50. Kg2 Qe4+ 51. Kg1
{Stellungswiederholung} 1/2-1/2
[/pgn]

[pgn]

[Event "Turnier 40 / 120"]
[Site "Wien"]
[Date "2022.05.27"]
[Round "27"]
[White "Mephisto Magellan SH7034 - 20 MHZ"]
[Black "Mephisto Lyon 68020 - 12 MHZ"]
[Result "0-1"]
[BlackElo "2180"]
[WhiteElo "2231"]

{Analyse ------> Komodo 12.1.1.} 1. e4 c6 2. d4 d5 3. Nc3 dxe4 4. Nxe4 Nd7
5. Bd3 Ngf6 6. Ng5 e6 7. N1f3 Bd6 {Buchende} 8. c3 h6 9. Ne4 {Buchende}
Nxe4 {lt. Komodo ist die Stellung etwa gleich} 10. Bxe4 c5 11. Be3 O-O 12.
Bc2 c4 13. Qe2 Qc7? {ein schwacher Zug, danach könnte Weiss mit g4 !
bereits in Vorteil kommen} 14. Nd2 {das bringt keinen Vorteil für Weiss,
die Stellung ist wieder im Lot} Nb6 15. Ne4 Be7 16. Nd2 Bd6 17. Rd1 Rd8 18.
Ne4 Bf8 19. O-O f5 20. Nc5 Nd5 21. Rfe1 {besser ist Lc1, Komodo +0,60 für
Schwarz mit der Fortsetzung b6} b6 22. Na4 Bd7 23. f3? {ein ganz schlechter
Zug, danach ist die Partie praktisch schon verloren, Komodo +1,60 mit der
Fortsetzung Ld6, nötig war Ld2 mit geringem Vorteil für Schwarz} Bd6 24. g3
Rf8 25. Bf2 Rad8 {klar schwächer als Tae8, Komodo -1,00 mit der Fortsetzung
b3} 26. f4? {ein absoluter Verlustzug, danach ist die Partie verloren,
Komodo +2,50 für Schwarz mit der Fortsetzung Tf6 (auch Mephisto Lyon 68020
hätte diesen Fehler gemacht)} Rc8 {Mephisto Lyon 68020 kommt nicht auf den
Gewinnzug, steht allerdings auch nach dieser Fortsetzung noch klar besser,
Komodo +1,20} 27. h3? {diese komplizierte Stellung überfordert Magellan bei
weitem, neuerlich ein absoluter Verlustzug, Komodo +3,00 mit der
Fortsetzung Tf6, deutlich mehr Widerstand bot b3 mit ca. +1,20 für Schwarz}
Rf6! {Mephisto Lyon 68020 macht den richtigen Zug, sieht aber erst geringen
Vorteil: Bewertung +0,33} 28. Be3? {Mephisto Magellan: 0,0 ??, nochmals
deutlich schwächer als Kh2, Komodo +4,50 mit der Fortsetzung Tg6} Bb5
{Mephisto Lyon 68020: +0,66 / schwächer als Tg6, aber auch danach steht
Schwarz klar auf Gewinn, Komodo +3,30} 29. Rd2? {Mephisto Magellan: -0,8
schöpft langsam Verdacht / deutlich schwächer als Kh2, Komodo +4,30 mit der
Fortsetzung g5} Nxe3? {alles andere als ideal, um 2 Bauerneinheiten
schlechter als g5, Komodo +2,50} 30. Qxe3 Qc6? {ein ganz schwacher Zug,
immer noch verdiente g5 klar den Vorzug, nach dem Textzug ist Schwarz nur
noch mit ca. +0,70 im Vorteil} 31. b3 cxb3 32. Bxb3? {das ist natürlich
völlig daneben und verliert die Partie sofort, Komodo +2,50 mit der
Fortsetzung Lxa4 nach axb4 ist Schwarz mit ca. +0,80 im Vorteil} Bxa4 33.
Bxe6+ Kh8 {klar schwächer als Txe6, aber Schwarz steht klar auf Gewinn,
Komodo +2,00} 34. Bxc8 Qxc8 35. Rde2 {besser ist Kh2} Qc4 36. Qd2 Bc6 37.
Kh2 h5 {Mephisto Lyon 68020: +1,63 sieht sich bereits klar im Vorteil} 38.
h4 {Mephisto Magellan beurteilt die Stellung völlig falsch nur -0,5 /
Komodo -2,30} Bd5 39. Re8+ Kh7 {etwas besser ist Tf8} 40. R8e3 {klar
schwächer als De2, Komodo -2,60} Rf7 41. R1e2 Rc7 42. Qc2 Kg6 43. Qd2 b5
44. Qb2 b4 45. cxb4 Bxb4 46. Qb1 Bc3? {das ist ein Katastrophenzug, nach
diesem Zug ist die Partie Remis, Komodo 0,00 mit der Fortsetzung g4 !} 47.
Re5? {darauf kommt aber Magellan nicht, nach dem Textzug ist es natürlich
sofort wieder verloren, Komodo -3,00} Rf7 48. Qb8 Kh7 49. Re8 Rf8 50. Qb1
Bxd4 {hier könnte man sich den Rest schon schenken, Komodo +4,50} 51. Qd1
Rxe8 52. Rxe8 Kg6 53. Re2 Be4 54. Rd2 Bc5 55. Kh3 Bb4 56. Rf2 a5 57. Kh2
Qd5 {deutlich stärker ist Dc3, aber hier gewinnt praktisch schon jede
plausible Fortsetzung, Komodo +3,40} 58. Qe2 {deutlich mehr Widerstand
leitet Dxd5, Komodo -6,50} Be7 {deutlich stärker ist Dd4 spielt aber keine
Rolle mehr} 59. Rf1 Qc6 60. Qd2 Bb4 61. Qb2 Bc3 62. Qf2 Bf6 63. Re1 Bd4 64.
Qe2 a4 65. Kh3 a3 66. Kh2 Bb2 67. Kh3 Kh6 68. Kh2 Qe6 69. Rd1 Qxa2
{Userentscheid: 0-1} 0-1
[/pgn]

[pgn]

[Event "Turnier 40 / 120"]
[Site "Wien"]
[Date "2022.05.28"]
[Round "28"]
[White "Mephisto Lyon 68020 - 12 MHZ"]
[Black "Mephisto Magellan SH7034 - 20 MHZ"]
[Result "0-1"]
[BlackElo "2231"]
[WhiteElo "2180"]

{Analyse --------> Komodo 12.1.1.} 1. Nf3 d5 2. g3 c5 3. Bg2 Nc6 4. d4
{Buchende} Nf6 {Buchende} 5. c3 {Buchbewertung Mephisto Lyon 68020: -0,12}
e6 {Buchbewertung Mephisto Magellan: 0,0 / lt. Komodo ist die Stellung etwa
gleich} 6. O-O {Mephisto Lyon 68020 wieder im Buch} Be7 7. Nbd2 {Buchende}
cxd4 8. cxd4 O-O 9. Nb3 b6 10. Bf4 Ba6 11. Rc1 Rc8 12. Re1 Bb5 13. e3 Nb4
14. Rxc8 {besser ist Lf1, Komodo +0,80 für Schwarz} Qxc8 15. Bf1 Bxf1 16.
Rxf1 Nxa2 17. Ne5 {klar schwächer als Da1, danach steht Schwarz bereits
deutlich besser, Komodo +1,30} Qb7 18. Bg5 Nb4 19. Qf3 h6 20. Bxf6 Bxf6 21.
Ng4 Be7 22. Ne5 Bd6 23. Nc4 Bb8 24. Rd1 Rc8 25. Na3 a6 26. Nb1 {klar
schwächer als Tc1, danach ist die Partie praktisch schon verloren, Komodo
+2,20 mit der Fortsetzung Tc2} Rc2 27. Rd2 Rxd2 28. N3xd2 Qc6 29. Qd1 Qc2
{eine ganze Bauerneinheit schwächer als Sd3, Komodo +1,40 für Schwarz} 30.
Qxc2 Nxc2 31. Nc3 Kf8 32. Na4 Bc7 33. Kf1 Ke7 34. Ke2 f6 35. Kd3 Nb4+ 36.
Kc3 Nc6 37. h4 e5 38. dxe5 fxe5 {Schwarz steht klar auf Gewinn, Komodo
+2,00} 39. Kc2 Ke6 40. Kd3 Kd6 41. h5 {etwas mehr Widerstand bietet f3,
Komodo -3,00} Nb4+ {etwas besser ist e4+, Komodo +2,40} 42. Kc3? {klar
schwächer als Ke2, Komodo -3,70} a5 43. b3 e4 44. Nf1 b5 45. Nb2 Kc5
{Mephisto Magellan: +3,0, da ist nichts mehr zu retten für Weiss, Komodo
+10,00} 46. Nd1 {Mephisto Lyon 68020: -1,81} Be5+ 47. Kd2 a4 48. bxa4 bxa4
49. Nc3 a3 50. f4 exf3 51. Nh2 Kc4 52. Nd1 {Mephisto Lyon 68020: -10,0
------> aufgegeben} 0-1
[/pgn]

[pgn]

[Event "Turnier 40 / 120"]
[Site "Wien"]
[Date "2022.05.28"]
[Round "29"]
[White "Mephisto Magellan SH7034 - 20 MHZ"]
[Black "Mephisto Lyon 68020 - 12 MHZ"]
[Result "0-1"]
[BlackElo "2180"]
[WhiteElo "2231"]

{Analyse ------> Komodo 12.1.1.} 1. Nf3 c6 2. c4 d5 3. d4 Nf6 4. Nc3 dxc4
5. a4 {Buchende} Bg4 6. Ne5 {Buchbewertung Mephisto Magellan: -0,1} Bh5
{Buchende} 7. Nxc4 e6 {Buchbewertung Mephisto Lyon 68020: +0,03 / lt.
Komodo steht Weiss knapp besser mit ca. +0,30} 8. Bg5 Bb4 9. Qb3 a5 10.
Bxf6 Qxf6 11. e3 Nd7 12. Bd3 c5? {weniger gut, danach hat Weiss die
Möglichkeit, die Rochade seines Gegners zu verhindern, Komodo +0,30 mit der
Fortsetzung Sd6+, deutlich besser ist e5} 13. O-O {Mephisto Magellan
verzichtet aber auf diese Option, danach wechselt der Vorteil wieder die
Seite, Komodo +0,40 für Schwarz} cxd4 14. Ne4 Qe7 15. exd4 O-O 16. Ng3 Bg6
17. Bxg6 hxg6 18. Rac1 Qf6 19. Rfd1 Rfc8 20. Ne4 Qf4 21. Qe3 Qh4 22. Ncd6
Rxc1 23. Qxc1 Qh5 24. Rf1 Qd5 25. Qc7 Ra6 {die Stellung ist im Lot, Komodo
0,00} 26. Qxd7 Bxd6 27. Nxd6 Qxd6 28. Qc8+ Qf8 29. Qxb7 Rd6 30. b4 Rxd4 31.
bxa5 Rxa4 32. Qb5 Ra2 33. Rb1 Qa8 34. Qb8+ Qxb8 35. Rxb8+ Kh7 36. Kf1 Rxa5
37. Ke2 Ra2+ 38. Ke3 g5 39. Rb5 Kg6 40. Rb6 Kf5 41. Rb7 Ra3+ 42. Ke2 Kf6
43. Rb5 g6 44. h3 e5 45. Rb6+ Kf5 46. Rb7 Ra2+ 47. Ke3 Ke6 48. Rb6+ Ke7 49.
Rb5 f6 50. Rb7+ Kf8 51. Rc7 f5 52. Rb7 f4+ 53. Ke4 Rxf2 54. Kxe5 Rxg2 55.
Kf6 Ke8 56. Kxg6 f3 57. Kf5? {ein Totales Blackout, danach ist die Partie
sofort verloren, Komodo -5,00, nötig war natürlich das für jeden
menschlichen Spieler offensichtliche Tb1 und es ist Remis (der Fairness
halber sei dazu gesagt: Mephisto Lyon 68020 hatte diesen Fehler ebenfalls
erwartet, das hilft aber dem Magellan auch nicht)} f2 58. Ke6 Kf8 59. Rf7+
Kg8 60. Ke7 Rh2 61. Ke8 Rxh3 62. Rxf2 Rh6 63. Rg2 Rg6 64. Rg4 Rg7 65. Rg2
g4 66. Rg3 Rg6 67. Ke7 Kg7 68. Kd7 Kf7 69. Rg2 g3 70. Kc7 Ke7 71. Re2+ Kf6
72. Rg2 Kf5 0-1
[/pgn]

[pgn]

[Event "Turnier 40 / 120"]
[Site "Wien"]
[Date "2022.05.29"]
[Round "30"]
[White "Mephisto Lyon 68020 - 12 MHZ"]
[Black "Mephisto Magellan SH7034 - 20 MHZ"]
[Result "1-0"]
[BlackElo "2231"]
[WhiteElo "2180"]

1. c4 e6 2. d4 Nf6 3. g3 d5 4. Bg2 Be7 5. Nf3 O-O 6. O-O c6 7. Nc3
{Buchende} Nbd7 8. Qd3 {Buchbewertung Mephisto Lyon 68020: +0,57} b6 9. b3
Ba6 10. e4 dxc4 11. bxc4 e5 12. dxe5 Ng4 {Buchende} 13. Bf4 Nc5
{Buchbewertung Mephisto Magellan: +0,1 / lt. Komodo steht Weiss knapp
besser mit ca. +0,30} 14. Qxd8 Rfxd8 15. h3 Nh6 16. Bxh6 gxh6 17. Rfd1 Nd3
18. Bf1 Bxc4 19. Bxd3 Rxd3 20. Rxd3 Bxd3 21. Nd4 Bb4 22. Rd1 Bc4 23. Nxc6
Bxc3 24. Rc1 Bxa2 25. Rxc3 Kf8? {das ist natürlich ein ganz schlechter Zug,
damit verliert Schwarz seine 2 geschlossenen Freibauern danach ist Weiss
bereits etwas im Vorteil mit ca. +0,60, deutlich besser ist natürlich a5
mit ca. +0,50 für Schwarz} 26. Ra3 {das ist klar} Be6? {der nächste
schwache Zug, danach steht Schwarz bereits ganz schlecht, Komodo -1,30,
deutlich besser ist Lb1 mit ca. -0,50} 27. Rxa7 Rxa7 28. Nxa7 Bxh3 29. Nb5
Bd7 30. Nc7 Bc6 {die Stellung ist bereits klar verloren für Schwarz, Komodo
-1,80} 31. Nd5 b5 32. Kf1 f5? {also für diesen Zug verweigere ich den
Kommentar, Komodo -4,00} 33. exf6 Kf7 34. Ke2 Bxd5 35. exd5 Kxf6 36. f4
{Rest geschenkt} 1-0
[/pgn]

[pgn]

[Event "Turnier 40 / 120"]
[Site "Wien"]
[Date "2022.05.30"]
[Round "31"]
[White "Mephisto Magellan SH7034 - 20 MHZ"]
[Black "Mephisto Lyon 68020 - 12 MHZ"]
[Result "1/2-1/2"]
[BlackElo "2180"]
[WhiteElo "2231"]

{Analyse ------> Komodo 12.1.1.} 1. b4 d5 2. Bb2 {Buchende} Nf6 {Buchende}
3. a3 {Buchbewertung Mephisto Magellan: -0,2} Bg4 {Buchbewertung Mephisto
Lyon 68020: +0,24 / lt. Komodo ist die Stellung etwa gleich} 4. d4 e6 5.
Nf3 Nbd7 6. e3 a5 7. bxa5 Bd6 8. Bc3 O-O 9. Nbd2 c5 10. Rb1? {ein ganz
schlechter Zug, danach steht Schwarz bereits klar besser, Komodo +1,30 mit
der Fortsetzung cxd4, deutlich besser ist Le2 mit ca. +0,60 für Schwarz}
Qc7 {etwas schwächer als cxd4, Komodo +0,80} 11. dxc5 Bxc5 12. Bb4 Rfc8
{etwas schwächer als b6, nach dem Textzug ist Schwarz noch mit ca. +0,40 im
Vorteil} 13. c4? {klar schwächer als Ld3, Komodo -0,90, nötig war Ld3} Bf5
{klar schwächer als Se4 oder b6, Komodo +0,50} 14. Rc1 Qd6 15. cxd5 Bxb4
16. axb4 Rxc1 17. Qxc1 {die Stellung ist im Lot} Qxb4 18. dxe6 Bxe6 19. Be2
Rxa5 20. O-O Nc5 21. Rd1 Ra8 22. Qc2 Bd5 23. Rb1 Qa3 24. Rc1 Nce4 25. Ne5
Nxd2 26. Qxd2 h6 27. Bd3 Re8 28. Nc4 Qc5 29. Nb2 Qd6 30. Be2 Qd7 31. Nd3
Rc8 32. Rxc8+ Qxc8 33. h3 {die Stellung ist immer noch im Lot, Komodo 0,00}
Qf5 34. Nf4 Qb1+ 35. Kh2 Qa2 36. Qd4 Be4 37. f3 Bc6 38. Bc4 Qc2 {etwas
besser ist Da4 oder Da5} 39. e4 {Komodo +0,80 für Weiss} Qa4? {ein
Verlustzug, danach ist die Partie sofort verloren, Komodo +2,80 mit der
Fortsetzung e5} 40. Qd8+? {aber eine ganz schwache Fortsetzung von Mephisto
Magellan, der den Gewinn hier verpasst, Komodo +0,30 für Weiss, damit ist
praktisch der gesamte Vorteil dahin} Ne8 41. Bd5 Kf8 42. Qb6 Qa3 43. Bxc6
Qd6 44. Qxb7 {damit ist das Remis besiegelt, aber auch andere Züge sind
nicht mehr besser.} Qxf4+ 45. Kg1 Qc1+ 46. Kf2 Qd2+ 47. Kg3 Qg5+ 48. Kf2
Qd2+ 49. Kf1 Qc1+ 50. Ke2 Qc2+ 51. Ke3 Qc3+ 52. Kf4 Qd2+ 53. Kg3 Qg5+ 54.
Kf2 Qd2+ {Stellungswiederholung} 1/2-1/2
[/pgn]

[pgn]